World famous scientists lives and discoveries / (Record no. 40998)

MARC details
000 -LEADER
fixed length control field 00664nam a22001937a 4500
005 - DATE AND TIME OF LATEST TRANSACTION
control field 20100811141053.0
010 ## - LCCN (DPL NO)
LC control number ENG-99581
020 ## - INTERNATIONAL STANDARD BOOK NUMBER
Terms of availability 70.00
035 ## - SYSTEM CONTROL NUMBER
System control number EN-83113
037 ## - SOURCE OF ACQUISITION
Source of stock number/acquisition DBAD/PUB
082 ## - DEWEY DECIMAL CLASSIFICATION NUMBER
Classification number 921
245 ## - TITLE STATEMENT
Title World famous scientists lives and discoveries /
Statement of responsibility, etc retold by Kolar Krishna Iyer
260 ## - PUBLICATION, DISTRIBUTION, ETC. (IMPRINT)
Place of publication, distribution, etc Vijayawada
Name of publisher, distributor, etc Navaratna Book House
Date of publication, distribution, etc 2008
270 ## - ADDRESS
Address 28-22-20 Rahiman St., Arundalpet
City Vijjayawada
Postal code 520002
300 ## - PHYSICAL DESCRIPTION
Extent 167p
Other physical details ill
Dimensions 21cm(pbk)
700 ## - ADDED ENTRY--PERSONAL NAME
Personal name Iyer,Kolar Krishna
9 (RLIN) 10998
942 ## - ADDED ENTRY ELEMENTS (KOHA)
Source of classification or shelving scheme Dewey Decimal Classification
Item type English Books
Classification part 921
Call number suffix WOR
Holdings
Withdrawn status Lost status Not for loan Collection code Home library Current library Date acquired Source of acquisition Cost, normal purchase price Full call number Barcode Copy number Cost, replacement price Koha item type
    Not For Loan Non-fiction D.B.Act.Division D.B.Act.Division 11/08/2010 DBAD/PUB 70.00 921 WOR EN-83113 1 70.00 English Books

© Delhi Public Library
Hit Counter
free hit counter